| 000 | 01015cam a22003254a 4500 | ||
|---|---|---|---|
| 001 | 52688 | ||
| 005 | 20230411085837.0 | ||
| 008 | 021011s2002 nyu b 001 0 eng | ||
| 010 | _a 2002037898 | ||
| 035 | _a(OCoLC)ocm50840991 | ||
| 040 |
_aDLC _cDLC _dOCLCQ _dBTCTA _dYDXCP _dBAKER |
||
| 019 | _a51573869 | ||
| 020 | _a1590334841 | ||
| 020 | _a9781590334843 | ||
| 029 | 1 |
_aYDXCP _b1905444 |
|
| 050 | 1 | 4 |
_aR HM 261 _bP976 2002 |
| 082 | 0 | 0 |
_a016.3033/8 _221 |
| 049 | _aGRAL | ||
| 245 | 0 | 0 |
_aPublic opinion : _ba bibliography with indexes / _cWilliam A. Blade (editor). |
| 260 |
_aNew York : _bNova Science Publishers, _cc2002. |
||
| 300 |
_axl, 229 p. ; _c26 cm. |
||
| 500 | _aIncludes indexes. | ||
| 650 | 0 |
_aPublic opinion _vBibliography. |
|
| 700 | 1 | _aBlade, William A. | |
| 938 |
_aBaker and Taylor _bBTCP _n2002037898 |
||
| 938 |
_aYBP Library Services _bYANK _n1905444 |
||
| 938 |
_aBaker & Taylor _bBKTY _c69.00 _d69.00 _i1590334841 _n0004089443 _sactive |
||
| 942 |
_2lcc _cbk |
||
| 994 |
_aC0 _bDRFGD |
||
| 999 |
_c108181 _d108181 |
||